| 000 | 00612nam a2200193Ia 4500 | ||
|---|---|---|---|
| 003 | OSt | ||
| 005 | 20260603091630.0 | ||
| 008 | 210210b1996 xxu||||| |||| 00| 0 eng d | ||
| 040 | _cAL | ||
| 041 | _aKannada | ||
| 082 | _a915.404K KARP | ||
| 100 |
_aKARNATAKA SAHITYA AKADEMI. _dಕರ್ನಾಟಕ ಸಾಹಿತ್ಯ ಅಕಾಡೆಮಿ _9265035 |
||
| 245 |
_aPancha nadigalla nadinalli. _bಪಂಚ ನಾಡಿಗಲ್ಲ ನಾಡಿನಲ್ಲಿ |
||
| 260 |
_aBengaluru _bKarnataka Sahitya Akademi _c1996 |
||
| 300 | _ax,156 | ||
| 690 |
_aTravel _9265036 |
||
| 906 | _a054059 | ||
| 942 |
_2ddc _cBK |
||
| 999 |
_c101957 _d101957 |
||